000 00446nam a2200157Ia 4500
003 GCL
008 140319s9999 xx 000 0 ara d
040 _aGCL /
_cGCL
082 0 4 _aد
_b050
100 1 _aمحمد جمال الدين الفندى
245 1 0 _aالصعود الى المريخ (اقرا 178 ) /
_cمحمد جمال الدين الفندى
300 _a128
490 _aاقرأ
_v0
650 0 4 _aالمريخ
942 _2ddc
_cBK
999 _c48789
_d48789